Collins Dictionary of the English Language 2ne Edition (Record no. 614670)

000 -LEADER
fixed length control field 00360nam a22001337a 4500
040 ## - CATALOGING SOURCE
Transcribing agency C. R. Barber & Partners
082 ## - DEWEY DECIMAL CLASSIFICATION NUMBER
Classification number 423
Author Mark P294 C
100 ## - MAIN ENTRY--PERSONAL NAME
Personal name Patrick Hanks
9 (RLIN) 130481
245 ## - TITLE STATEMENT
Title Collins Dictionary of the English Language 2ne Edition
250 ## - EDITION STATEMENT
Edition statement 2nd ed.
260 ## - PUBLICATION, DISTRIBUTION, ETC.
Place of publication, distribution, etc. England
Name of publisher, distributor, etc. C. R. Barber & Partners
Date of publication, distribution, etc. 1986
300 ## - PHYSICAL DESCRIPTION
Extent 1771p.
942 ## - ADDED ENTRY ELEMENTS (KOHA)
Source of classification or shelving scheme
Koha item type Book
Holdings
Withdrawn status Lost status Source of classification or shelving scheme Damaged status Not for loan Permanent Location Current Location Date acquired Total Checkouts Full call number Barcode Date last seen Price effective from Koha item type
          School of Chemical & Materials Engineering (SCME) School of Chemical & Materials Engineering (SCME) 09/18/2025   423 P294 C SCME-D309 09/18/2025 09/18/2025 Book
© 2023 Central Library, National University of Sciences and Technology. All Rights Reserved.